00498cam a22002057a 4500003000500000005001700005008004100022010001000063011001000073035001000083040000900093082002000102100001900122245003900141250001000180260004200190300003000232500001400262650001600276CHAP20220329142218.0971013s1966 us a r 00010 eng d a79984 a80956 a91415 cCHAP a575.1bC76 196600aCrow, James F.10aGenetics notesc/por James F. Crow a6 ed. aMinneapolis, Minn. :bBurgess,c1966. a226 p.b: ilus. ; cuadros aFotocopia14aGenética.